Quizzes
Events
Quiz Creation
Community
Videos
Private Events
Remove Ads
Sign In
Join for FREE
Feedback
Dark Mode
Quiz Categories
Sports
Geography
Music
Movies
Television
Just For Fun
Miscellaneous
History
Literature
Language
Science
Gaming
Entertainment
Religion
Holiday
For Kids
Quiz Lab
Recent
Popular Today
Quiz Kudos Today
Editor Picks
Curator Picks
Quizzes by...
Day
Popularity
Type
Ratings
Length
Year
Community
Subscriptions
Recent Discussions
Orange Saloon
Badges
Playlists
Quests
Create
Leaderboards
Showdown
Live 5
Trivia Bingo
Activity
Puzzle Library
Sporcle Events
Private Events
Virtual Trivia
Globe League
Become a Host
Pub Owners
SporcleCon
Opinionation
Our Games
Videos
Blog
Mobile Apps
Partnerships
Remove Ads and Go Orange
Feedback
Music
Pop Music
The Beatles
Song
Album
Lyrics
Bands
Singers
Artist
Clip
Rock
Rap
Classical
Billboard
Country Music
Kpop
Taylor Swift
Music
Pop Music
The Beatles
Song
Album
Lyrics
Bands
Singers
Artist
Clip
Rock
Rap
Classical
Billboard
Country Music
Kpop
Taylor Swift
Random Quiz
Search Sporcle
×
Curator Pick
Curator Pick
Music
Artist
Type in answers that appear in a list
Type in answers that appear in a list
Classic
Best Score? Go Orange.
Top 100 Bands 1968 Stats
Can you name the artists that charted on the 1968 Billboard Year-End Charts?
By
Alex951998
11m
100 Questions
26.6K Plays
26,609 Plays
26,609 Plays
Comments
Comments
Give Quiz Kudos
Give Quiz Kudos
-
- Ratings
hide this ad
Replay
Link that replays current quiz
Next Quiz
Link to next quiz in quiz playlist
You Got
0%
They Got
Avg Score
40%
Avg Friend Score
Upgrade to see
Score Distribution
Jump to the score distribution portion of the page
Score
0/100
Timer
11:00
1
Play Today
Song
Artist
% Correct
Hey Jude
The Beatles
99.7%
Lady Madonna
The Beatles
99.7%
Revolution
The Beatles
99.7%
Mrs. Robinson
Simon and Garfunkel
93.7%
Scarborough Fair/
Canticle
Simon and Garfunkel
93.7%
Jumpin' Jack Flash
The Rolling Stones
91.2%
(Sittin' On) The Dock of the Bay
Otis Redding
89.1%
Hello, I Love You
The Doors
88.9%
Sunshine of Your Love
Cream
83.5%
White Room
Cream
83.5%
Born to Be Wild
Steppenwolf
82.6%
Magic Carpet Ride
Steppenwolf
82.6%
Love Child
The Supremes
72.1%
Delilah
Tom Jones
65.4%
(Theme from) Valley of the Dolls
Dionne Warwick
64.4%
Do You Know the Way to San Jose?
Dionne Warwick
64.4%
Dance to the Music
Sly and the Family Stone
63.9%
(Sweet, Sweet Baby) Since You've Been Gone
Aretha Franklin
62.6%
I Say a Little Prayer
Aretha Franklin
62.6%
Think
Aretha Franklin
62.6%
Suzie Q
Creedence Clearwater Revival
62.1%
Mony Mony
Tommy James & The Shondells
60.2%
Fire
The Crazy World of Arthur Brown
59.1%
I Got the Feelin'
James Brown
59%
Say It Loud -
I'm Black and I'm Proud
James Brown
59%
I Wish It Would Rain
The Temptations
56.8%
Piece of My Heart
Big Brother and the Holding Company
54.4%
Ain't Nothing Like the Real Thing
Marvin Gaye & Tammi Terrell
53.9%
You're All I Need to Get By
Marvin Gaye & Tammi Terrell
53.9%
Hurdy Gurdy Man
Donovan
52.6%
Mighty Quinn
Manfred Mann
49.8%
Young Girl
Gary Puckett & The Union Gap
48.9%
Lady Willpower
Gary Puckett & The Union Gap
48.9%
Over You
Gary Puckett & The Union Gap
48.9%
Song
Artist
% Correct
Woman Woman
Gary Puckett & The Union Gap
48.9%
MacArthur Park
Richard Harris
46.7%
Honey
Bobby Goldsboro
44.4%
Stoned Soul Picnic
The 5th Dimension
44.2%
Light My Fire
Jose Feliciano
44.1%
Elenore
The Turtles
43.9%
Classical Gas
Mason Williams
43.2%
I've Gotta Get a Message to You
Bee Gees
42.5%
Shoo-
Be-
Doo-
Be-
Doo-
Da-
Day
Stevie Wonder
41.9%
Harper Valley PTA
Jeannie C. Riley
41.8%
People Got to Be Free
The Rascals
40.6%
A Beautiful Morning
The Rascals
40.6%
This Guy's in Love With You
Herb Alpert
40.5%
Sky Pilot
The Animals
38.8%
Midnight Confessions
The Grass Roots
36.6%
Little Green Apples
OC Smith
35.4%
Love is All Around
The Troggs
33%
Simon Says
1910 Fruitgum Company
32.8%
1, 2, 3, Red Light
1910 Fruitgum Company
32.8%
Tighten Up
Archie Bell & The Drells
32.4%
Those Were the Days
Mary Hopkin
31.5%
Green Tambourine
The Lemon Pipers
30.1%
Cry Like a Baby
The Box Tops
29.9%
Love is Blue
Paul Mauriat
29.7%
Spooky
Classics IV
28.9%
Pictures of Matchstick Men
Status Quo
28.5%
Indian Lake
The Cowsills
28.4%
You Keep Me Hangin' On
Vanilla Fudge
27.6%
Judy in Disguise (With Glasses)
John Fred & His Playboy Band
27.1%
Baby, Now That I've Found You
The Foundations
25.3%
The Look of Love
Sergio Mendes
24.7%
The Fool on the Hill
Sergio Mendes
24.7%
The Good, The Bad, and the Ugly
Hugo Montenegro
24.4%
Yummy Yummy Yummy
Ohio Express
23.8%
Song
Artist
% Correct
Sealed with a Kiss
Gary Lewis & The Playboys
23.4%
The Unicorn
The Irish Rovers
22%
La-
La (Means I Love You)
The Delfonics
22%
Angel of the Morning
Merrilee Rush
21.9%
Time Has Come Today
The Chambers Brothers
21.8%
Grazing in the Grass
Hugh Masekela
21.4%
Summertime Blues
Blue Cheer
20.4%
I Thank You
Sam and Dave
20%
Bend Me, Shape Me
The American Breed
19.1%
Goin' Out of My Head/
Can't Take My Eyes Off You
The Lettermen
18.8%
The Ballad of Bonnie and Clyde
Georgie Fame
18.6%
If You Can Want
The Miracles
18.5%
I Wonder What She's Doing Tonight
Tommy Boyce & Bobby Hart
17%
Slip Away
Clarence Carter
16.7%
Nobody But Me
The Human Beinz
16.3%
Hold Me Tight
Johnny Nash
16.2%
(I'm a) Girl Watcher
The O'Kaysions
16.1%
Turn Around, Look at Me
The Vogues
16.1%
Hey, Western Union Man
Jerry Butler
15.6%
Never Give You Up
Jerry Butler
15.6%
Soul Serenade
Willie Mitchell
15.5%
The Horse
Cliff Nobles
14.8%
Reach Out of the Darkness
Friend and Lover
14.1%
Take Time to Know Her
Percy Sledge
13.8%
Stay in My Corner
The Dells
13.4%
Cab Driver
Mills Brothers
12.5%
Sweet Inspiration
Sweet Inspirations
12.5%
Here Comes The Judge
Shorty Long
12.3%
Bottle of Wine
Jimmy Gilmer & The Fireballs
12.1%
Cowboys to Girls
The Intruders
12%
I Love You
People!
10.3%
Playboy
Gene and Debbe
9.3%
Quiz Playlist
Details
Report
Send in Message
Add To Playlist
Classic:
Type in answers that appear in a list
Quiz Source
Last Updated: Oct 28, 2018
Curator Pick in
Billboard
Quiz Scoreboard
CHALLENGE
Sign Up to Join the Scoreboard
Show All
Scores
Hide
Comments
May contain spoilers
Recently Published
1-10 Letter E Words III
by El_Dandy
Language
2m
One Thing in Common: World Cities II
by knightlancer
Geography
7m
Popular People in 1961
by mucciniale
History
6m
More to Explore
Quiz From the Vault
Featured Blog Post
Where Did the Easter Bunny Come From?
hide this ad
You Might Also Like...
Tags
Artist Quiz
Bands Quiz
Billboard Quiz
Song Quiz
100
1968
chart
Charted
place
Today's Top Quizzes in Music
Browse Music
hide this ad
Today's Top Quizzes in Artist
Browse Artist
Top Contributed Quizzes in Music
1
Taylor Swift All Songs (2024)
2
2010s Album by Cover III
3
Taylor Swift Logic Puzzle
4
One Thing in Common: Music
5
Guess the Artist- 70s Songs
6
Guess the Taylor Swift song (Mystery Song)
7
2010s Album by Cover V
8
2010s Album by Cover IV
9
Lana Del Rey Discography (BTD to DYKTTATUOB)
10
KPOP LOGIC QUIZ
Explore More
Trending Topics
Kpop
Disney
Harry Potter
Anime
Crossword
NBA
Marvel
Pokémon
The Office
Soccer
NFL
Puzzle
Song
Country
WWE
hide this ad
More By:
Alex951998
Quiz
Plays
Rating
Category
Featured
Created
100 Billboard Artists (1980)
153,947
4.28
Music
Nov 19, 2010
Top 100 Bands (1985)
119,946
4.63
Music
Dec 12, 2010
Top 100 Bands (1984)
102,643
4.68
Music
Dec 6, 2010
Top 100 Bands (1983)
101,744
4.68
Music
Nov 30, 2010
Top 100 Bands (1987)
81,124
4.47
Music
Dec 18, 2010
Go to Creator's Profile
Score Distribution
Quiz Creator Spotlight
Alex951998
Follow
Send a Message
Quizzes Created
-
Created Quiz Play Count
-
More By This Creator
Popular Quizzes Today
1
Find the US States - No Outlines Minefield
2
Find the Countries of Europe - No Outlines Minefield
3
The Countries of the World
4
Popular People in 1961
5
1-10 Letter E Words III
6
Find the US States
7
One Thing in Common: World Cities II
8
US States
More Music Quizzes
GTP: Number 1 or Not? Black Eyed Peas
Quiz Lab
Trending Quizzes
Risky Map Clicking: Least Populous States A-Z
1-10 Letter F Words
1-10 Letter G Words
One Thing in Common: United Kingdom
Risky Map Clicking: Next State Alphabetically
Recently Updated
Leaping Animals
pecheneg
Reality TV Shows (A-Z)
bhenderson79
Rickey Henderson's Hall of Fame Teammates
pecheneg
Champions League XIs: Arsenal
pecheneg
Quick Pick: Celebrities in WWE's Hall of Fame
aduchscher
A-Z Keypad Blitz II
pecheneg
Multiple Oscar Actors
pecheneg
Mystery Phrase Blitz: Oscar 'Best Actors'
pecheneg
F. Scott Fitzgerald Novels
LTH
Pick 3 Villains
ddd62291
Trending Topics
Disney
Kpop
Anime
Marvel
NBA
Harry Potter
Crossword
Song
WWE
Pokémon
The Office
Soccer
Puzzle
Country
NFL
Your Account Isn't Verified!
In order to create a playlist on Sporcle, you need to verify the email address you used during registration. Go to your
Sporcle Settings
to finish the process.
Report this User
Report this user for behavior that violates our
Community Guidelines
.
Details:
Send Report
Go to the Sporcle.com Mobile Site →
Comments